<?xml version="1.0" encoding="UTF-8"?>
<record
    xmlns:xsi="http://www.w3.org/2001/XMLSchema-instance"
    xsi:schemaLocation="http://www.loc.gov/MARC21/slim http://www.loc.gov/standards/marcxml/schema/MARC21slim.xsd"
    xmlns="http://www.loc.gov/MARC21/slim">

  <leader>01413nam a22002657a 4500</leader>
  <controlfield tag="003">SEM</controlfield>
  <controlfield tag="005">20260428114813.0</controlfield>
  <controlfield tag="008">200813s2000    ai ||||gr||||||01|||arm|d</controlfield>
  <datafield tag="020" ind1=" " ind2=" ">
    <subfield code="a">9993021482</subfield>
  </datafield>
  <datafield tag="040" ind1=" " ind2=" ">
    <subfield code="a">SEM</subfield>
    <subfield code="c">SEM</subfield>
  </datafield>
  <datafield tag="041" ind1=" " ind2=" ">
    <subfield code="a">arm.</subfield>
  </datafield>
  <datafield tag="080" ind1=" " ind2=" ">
    <subfield code="a">930.27(47.925)(075.8)/&#x533;-88</subfield>
  </datafield>
  <datafield tag="100" ind1=" " ind2=" ">
    <subfield code="a">&#x533;&#x580;&#x56B;&#x563;&#x578;&#x580;&#x575;&#x561;&#x576; &#x533;&#x580;&#x56B;&#x563;&#x578;&#x580; &#x544;&#x565;&#x57D;&#x580;&#x578;&#x57A;&#x56B;</subfield>
    <subfield code="q">(&#x413;&#x440;&#x438;&#x433;&#x43E;&#x440;&#x44F;&#x43D; &#x413;&#x440;&#x438;&#x433;&#x43E;&#x440; &#x41C;&#x435;&#x441;&#x440;&#x43E;&#x43F;&#x43E;&#x432;&#x438;&#x447;)</subfield>
    <subfield code="d">(1930-2018)</subfield>
  </datafield>
  <datafield tag="245" ind1=" " ind2=" ">
    <subfield code="a">&#x540;&#x561;&#x575;&#x56F;&#x561;&#x56F;&#x561;&#x576; &#x57E;&#x56B;&#x574;&#x561;&#x563;&#x580;&#x578;&#x582;&#x569;&#x575;&#x578;&#x582;&#x576; : </subfield>
    <subfield code="b">&#x540;&#x561;&#x574;&#x561;&#x57C;&#x578;&#x57F; &#x571;&#x565;&#x57C;&#x576;&#x561;&#x580;&#x56F; &#x562;&#x578;&#x582;&#x570;&#x565;&#x580;&#x56B; &#x57A;&#x561;&#x57F;&#x574;&#x578;&#x582;&#x569;&#x575;&#x561;&#x576; &#x587; &#x562;&#x561;&#x576;&#x561;&#x57D;&#x56B;&#x580;&#x578;&#x582;&#x569;&#x575;&#x561;&#x576; &#x586;&#x561;&#x56F;&#x578;&#x582;&#x56C;&#x57F;&#x565;&#x57F;&#x576;&#x565;&#x580;&#x56B; &#x570;&#x561;&#x574;&#x561;&#x580; /</subfield>
    <subfield code="c">&#x533;&#x580;. &#x533;&#x580;&#x56B;&#x563;&#x578;&#x580;&#x575;&#x561;&#x576;; &#x53D;&#x574;&#x562;.&#x55D; &#x540;. &#x544;&#x561;&#x580;&#x563;&#x561;&#x580;&#x575;&#x561;&#x576;; &#x540;&#x533;&#x531;&#x531; &#x540;&#x576;&#x561;&#x563;&#x56B;&#x57F;&#x578;&#x582;&#x569;&#x575;&#x561;&#x576; &#x587; &#x561;&#x566;&#x563;&#x561;&#x563;&#x580;&#x578;&#x582;&#x569;&#x575;&#x561;&#x576; &#x56B;&#x576;&#x57D;&#x57F;&#x56B;&#x57F;&#x578;&#x582;&#x57F;; &#x535;&#x54A;&#x540;</subfield>
  </datafield>
  <datafield tag="246" ind1=" " ind2=" ">
    <subfield code="a">&#x410;&#x440;&#x43C;&#x44F;&#x43D;&#x441;&#x43A;&#x430;&#x44F; &#x44D;&#x43F;&#x438;&#x433;&#x440;&#x430;&#x444;&#x438;&#x43A;&#x430;</subfield>
    <subfield code="b">&#x423;&#x447;&#x435;&#x431;&#x43D;&#x43E;&#x435; &#x43F;&#x43E;&#x441;&#x43E;&#x431;&#x438;&#x435; &#x434;&#x43B;&#x44F; &#x432;&#x443;&#x437;&#x43E;&#x432; /</subfield>
  </datafield>
  <datafield tag="260" ind1=" " ind2=" ">
    <subfield code="a">&#x535;&#x580;&#x587;&#x561;&#x576; :</subfield>
    <subfield code="b">&#x536;&#x561;&#x576;&#x563;&#x561;&#x56F;-97,</subfield>
    <subfield code="c">2000.</subfield>
  </datafield>
  <datafield tag="300" ind1=" " ind2=" ">
    <subfield code="a">207 &#x567;&#x57B; ;</subfield>
    <subfield code="c">20 &#x57D;&#x574;</subfield>
  </datafield>
  <datafield tag="504" ind1=" " ind2=" ">
    <subfield code="a">&#x53E;&#x561;&#x576;&#x578;&#x569;&#x561;&#x563;&#x580;.&#x55D; &#x567;&#x57B; 181-196; &#x540;&#x561;&#x576;&#x571;&#x576;&#x561;&#x580;&#x561;&#x580;&#x57E;&#x578;&#x572; &#x563;&#x580;&#x561;&#x56F;. &#x581;&#x561;&#x576;&#x56F;&#x55D; &#x567;&#x57B; 197-197; &#x555;&#x563;&#x57F;. &#x563;&#x580;&#x561;&#x56F;. &#x581;&#x561;&#x576;&#x56F;&#x55D; &#x567;&#x57B; 198-204</subfield>
  </datafield>
  <datafield tag="650" ind1=" " ind2=" ">
    <subfield code="a">&#x540;&#x561;&#x575;&#x56F;&#x561;&#x56F;&#x561;&#x576; &#x57E;&#x56B;&#x574;&#x561;&#x563;&#x580;&#x578;&#x582;&#x569;&#x575;&#x578;&#x582;&#x576;</subfield>
    <subfield code="x">&#x571;&#x565;&#x57C;&#x576;&#x561;&#x580;&#x56F;</subfield>
  </datafield>
  <datafield tag="653" ind1=" " ind2=" ">
    <subfield code="a">&#x54D;&#x537;&#x544;</subfield>
  </datafield>
  <datafield tag="700" ind1=" " ind2=" ">
    <subfield code="a">&#x544;&#x561;&#x580;&#x563;&#x561;&#x580;&#x575;&#x561;&#x576;, &#x540;&#x561;&#x575;&#x580;&#x561;&#x57A;&#x565;&#x57F;</subfield>
    <subfield code="e">&#x56D;&#x574;&#x562;.</subfield>
    <subfield code="4">edt.</subfield>
  </datafield>
  <datafield tag="710" ind1=" " ind2=" ">
    <subfield code="a"> &#x540;&#x533;&#x531;&#x531; &#x540;&#x576;&#x561;&#x563;&#x56B;&#x57F;&#x578;&#x582;&#x569;&#x575;&#x561;&#x576; &#x587; &#x561;&#x566;&#x563;&#x561;&#x563;&#x580;&#x578;&#x582;&#x569;&#x575;&#x561;&#x576; &#x56B;&#x576;&#x57D;&#x57F;&#x56B;&#x57F;&#x578;&#x582;&#x57F;; </subfield>
  </datafield>
  <datafield tag="710" ind1=" " ind2=" ">
    <subfield code="a">&#x535;&#x54A;&#x540;</subfield>
  </datafield>
  <datafield tag="942" ind1=" " ind2=" ">
    <subfield code="2">udc</subfield>
    <subfield code="c">BK</subfield>
  </datafield>
  <datafield tag="999" ind1=" " ind2=" ">
    <subfield code="c">44810</subfield>
    <subfield code="d">44810</subfield>
  </datafield>
  <datafield tag="952" ind1=" " ind2=" ">
    <subfield code="0">0</subfield>
    <subfield code="1">0</subfield>
    <subfield code="2">udc</subfield>
    <subfield code="4">0</subfield>
    <subfield code="7">0</subfield>
    <subfield code="8">&#x533;&#x580;&#x561;&#x57A;&#x561;&#x570;&#x578;&#x581;</subfield>
    <subfield code="a">SEM</subfield>
    <subfield code="b">SEM</subfield>
    <subfield code="d">2020-08-13</subfield>
    <subfield code="g">1300.00</subfield>
    <subfield code="i">13857</subfield>
    <subfield code="l">0</subfield>
    <subfield code="o">930.27(47.925)(075.8)/&#x533;-88</subfield>
    <subfield code="p">13857</subfield>
    <subfield code="r">2014-11-16</subfield>
    <subfield code="w">2014-11-16</subfield>
    <subfield code="y">BK</subfield>
    <subfield code="z">&#x54D;&#x57A;&#x561;&#x57D;&#x561;&#x580;&#x56F;&#x57E;&#x578;&#x582;&#x574; &#x567; &#x568;&#x576;&#x569;&#x565;&#x580;&#x581;&#x561;&#x57D;&#x580;&#x561;&#x570;</subfield>
  </datafield>
  <datafield tag="952" ind1=" " ind2=" ">
    <subfield code="0">0</subfield>
    <subfield code="1">0</subfield>
    <subfield code="2">udc</subfield>
    <subfield code="4">0</subfield>
    <subfield code="7">0</subfield>
    <subfield code="8">&#x533;&#x580;&#x561;&#x57A;&#x561;&#x570;&#x578;&#x581;</subfield>
    <subfield code="a">SEM</subfield>
    <subfield code="b">SEM</subfield>
    <subfield code="d">2020-08-13</subfield>
    <subfield code="g">1300.00</subfield>
    <subfield code="i">31920</subfield>
    <subfield code="l">0</subfield>
    <subfield code="o">930.27(47.925)(075.8)/&#x533;-88</subfield>
    <subfield code="p">31920</subfield>
    <subfield code="r">2020-08-13</subfield>
    <subfield code="w">2020-08-13</subfield>
    <subfield code="y">BK</subfield>
    <subfield code="z">&#x54D;&#x57A;&#x561;&#x57D;&#x561;&#x580;&#x56F;&#x57E;&#x578;&#x582;&#x574; &#x567; 30 &#x585;&#x580;</subfield>
  </datafield>
  <datafield tag="952" ind1=" " ind2=" ">
    <subfield code="0">0</subfield>
    <subfield code="1">0</subfield>
    <subfield code="2">udc</subfield>
    <subfield code="4">0</subfield>
    <subfield code="7">0</subfield>
    <subfield code="8">&#x533;&#x580;&#x561;&#x57A;&#x561;&#x570;&#x578;&#x581;</subfield>
    <subfield code="a">SEM</subfield>
    <subfield code="b">SEM</subfield>
    <subfield code="d">2025-05-07</subfield>
    <subfield code="g">1300.00</subfield>
    <subfield code="i">&#x540;&#x578;&#x57E;&#x570;-705</subfield>
    <subfield code="l">0</subfield>
    <subfield code="o">930.27(47.925)(075.8)/&#x533;-88</subfield>
    <subfield code="p">&#x540;&#x578;&#x57E;&#x570;-705</subfield>
    <subfield code="r">2025-05-07</subfield>
    <subfield code="w">2025-05-07</subfield>
    <subfield code="y">BK</subfield>
    <subfield code="z">&#x54D;&#x57A;&#x561;&#x57D;&#x561;&#x580;&#x56F;&#x57E;&#x578;&#x582;&#x574; &#x567; &#x568;&#x576;&#x569;&#x565;&#x580;&#x581;&#x561;&#x57D;&#x580;&#x561;&#x570;</subfield>
  </datafield>
</record>
